00649nam a2200205 a 4500041000800000100002300008110004000031245006600071260002500137300001100162505003200173505004100205505003100246505003100277505004000308650001800348650002900366650002400395650002400419 aspa aZeledón, Rodrigo bInstituto Nacional de Biodiversidad aINBio Instituto Nacional de Biodiversidadbmemoria anual 1996 aHerediabINBioc1997 a4 vol. aVol. 1: Memorial anual 1996 aVol. 2: INBIO: información general aVol. 3: Annual report 1999 aVol. 4: Memoria anual 1995 aVol. 5: Memorias annual report 2003 aBiodiversidad aDesarrollo institucional aApoyo institucional aGestión ambiental